LDR 00992naa#a2200205#i#450# 001 RU\\bibl\125150 005 20260630021345.2 011 ## _a2077-7566 100 ## _a20260629b2026####ek#y0rusy0150####ca 101 0# _aRUS 102 ## _aRU 200 1# _aАНАЛИЗ ЭФФЕКТИВНОСТИ СБОРА СТОМАТОЛОГИЧЕСКОГО АНАМНЕЗА ЦИФРОВОЙ СИСТЕМОЙ С ИНТЕГРИРОВАННЫМ КОНТРОЛЕМ КАЧЕСТВА ДАННЫХ _eЖурнальная статья 210 1# _aЕкатеринбург _cИздательский Дом «ТИРАЖ» _d2026 215 ## _a8 с. 608 ## _aЖурнальная статья _2local 675 ## _aСтоматология. Заболевания ротовой полости и зубов. 616.31 _zRUS 700 #1 _aШефов _gВладимир Юрьевич 700 #1 _aОрехова _gЛюдмила Юрьевна 700 #1 _aЛобода _gЕкатерина Сергеевна 856 4# _adental-press.ru _u